| 000 | 01314nam a2200337 a 4500 | ||
|---|---|---|---|
| 001 | 000109707 | ||
| 003 | CHAP | ||
| 005 | 20220329144101.0 | ||
| 008 | 140521s2014 mx a |sm |||||||spa|d | ||
| 010 | _a106169 | ||
| 011 | _a107141 | ||
| 040 | _cCHAP | ||
| 090 | _aTesis | ||
| 100 | 1 |
_aSánchez Téllez, Salvador David _9126965 |
|
| 245 | 1 | 0 |
_aComportamiento productivo y calidad de la canal y de la carne de ganado wagyu en Soto la Marina, Tamaulipas _h[En línea] _cpor Salvador David Sánchez Téllez. |
| 260 |
_aChapingo, Méx. : _bEl autor, _c2014. |
||
| 500 | _aPara ver el contenido del material haga clic en la liga | ||
| 502 | _aTesis (Ing. Agr. Esp. en Zootecnia) -- UACH. Departamento de Enseñanza, Investigación y Servicio en Zootecnia | ||
| 590 |
_aBATCH-UPD _b05 _c20140521 _lUCH01 _h0935 |
||
| 590 |
_aBATCH-UPD _b05 _c20141002 _lUCH01 _h0904 |
||
| 590 |
_aE792CSJ _b05 _c20140521 _lUCH01 _h0934 |
||
| 590 |
_aE792CSJ _b05 _c20140521 _lUCH01 _h0934 |
||
| 650 | 1 | 4 |
_aCarne de res en canal _xNormas de calidad. _919224 |
| 650 | 1 | 4 |
_aCarne de res _xCalidad. _919192 |
| 650 | 1 | 4 |
_aGanado Wagyu _xProducción. _9126969 |
| 650 | 1 | 4 |
_aGanado Wagyu _xReproducción. _9126968 |
| 856 |
_aFinding aid _uhttp://10.13.5.2/tesis/sist109707.pdf _zTeclea aquí |
||
| 901 | _aBK | ||
| 942 | _cTESIS | ||
| 942 | _n0 | ||
| 999 |
_c106169 _d106169 |
||